15 principales países con muertes de Covid-19 - 13 de abril de 2022 - Estadísticas

Estadísticas generales
  • Esta prueba ha sido intentada 10 veces
  • La puntuación promedio es 14 de 27
Estadísticas de respuestas
país % Correcto
Estados Unidos
100%
Alemania
89%
Brasil
89%
Francia
78%
Italia
78%
Perú
78%
Reino Unido
78%
Argentina
67%
Colombia
67%
India
67%
México
67%
Rusia
67%
Irán
56%
Polonia
56%
Bosnia y Herzegovina
33%
Bulgaria
33%
Chequia
33%
Croacia
33%
Hungría
33%
Indonesia
33%
Rumania
33%
Eslovaquia
22%
Eslovenia
22%
Georgia
11%
Letonia
11%
Lituania
11%
Macedonia del Norte
11%
No se encontraron pruebas coincidentes
Distribución de puntuación
Porcentaje de gente con cada puntuación
Porcentaje por número respondido
Historial de tus puntuaciones
No has intentado esta prueba.